LIBRARY & INFORMATION CENTRE, KCAET, TAVANUR

ONLINE PUBLIC ACCESS CATALOGUE (OPAC)

Normal view MARC view
  • Politics

Entry Topical Term

Number of records used in: 5

001 - CONTROL NUMBER

  • control field: 6280

003 - CONTROL NUMBER IDENTIFIER

  • control field: OSt

005 - DATE AND TIME OF LATEST TRANSACTION

  • control field: 20241004160604.0

008 - FIXED-LENGTH DATA ELEMENTS

  • fixed length control field: 241004|| aca||aabn | a|a d

040 ## - CATALOGING SOURCE

  • Original cataloging agency: OSt
  • Transcribing agency: OSt

150 ## - HEADING--TOPICAL TERM

  • Topical term or geographic name as entry element: Politics

670 ## - SOURCE DATA FOUND

  • Source citation: Work cat.: (OSt)18109: Rajeev, P. 6279, Chuvappu padarnna noottandu /, 2023.
free website counter